6文字以上の同一駅名 - Statistics

General Stats
  • This quiz has been taken 72 times
    66 since last reset
  • The average score is 6 of 32
Answer Stats
都道府県 駅名 読み % Correct
千葉県、兵庫県他 県庁前 けんちょうまえ 7
76%
千葉県、長野県他 市役所前 しやくしょまえ 7
75%
茨城県、大阪府 万博記念公園 ばんぱくきねんこうえん 11
49%
宮城県、愛知県 国際センター こくさいせんたー 8
25%
群馬県、宮崎県 運動公園 うんどうこうえん 8
22%
長野県、滋賀県 大学前 だいがくまえ 6
22%
北海道、千葉県、奈良県 学園前 がくえんまえ 6
20%
神奈川県、山梨県 十日市場 とおかいちば 6
20%
青森県、愛知県 運動公園前 うんどうこうえんまえ 10
18%
神奈川県、愛知県 こどもの国 こどものくに 6
18%
東京都、千葉県 栄町 さかえちょう 6
18%
宮城県、富山県、宮崎県 旭ヶ丘 あさひがおか 6
16%
北海道、福岡県 競馬場前 けいばじょうまえ 8
16%
北海道、埼玉県 森林公園 しんりんこうえん 8
16%
和歌山県、島根県 東松江 ひがしまつえ 6
16%
奈良県、兵庫県 霞ヶ丘 かすみがおか 6
14%
埼玉県、福岡県 一本松 いっぽんまつ 6
12%
奈良県、香川県 三本松 さんぼんまつ 6
12%
東京都、京都府 十条 じゅうじょう 6
12%
岡山県、高知県 球場前 きゅうじょうまえ 8
10%
埼玉県、愛知県 南桜井 みなみさくらい 7
10%
東京都、富山県 新富町 しんとみちょう 7
8%
北海道、東京都、富山県 末広町 すえひろちょう 7
8%
東京都、広島県 八丁堀 はっちょうぼり 7
8%
神奈川県、鳥取県 富士見町 ふじみちょう 6
8%
神奈川県、兵庫県 大倉山 おおくらやま 6
6%
富山県、香川県 片原町 かたはらまち 6
6%
愛知県、富山県 競輪場前 けいりんじょうまえ 9
6%
千葉県、大阪府 光風台 こうふうだい 6
6%
大阪府、香川県 昭和町 しょうわちょう 7
6%
北海道、東京都、兵庫県 緑が丘 みどりがおか 6
6%
新潟県、兵庫県 妙法寺 みょうほうじ 6
6%
No matching quizzes found
Score Distribution
Percent of People with Each Score
Percentile by Number Answered
Your Score History
You have not taken this quiz since the last reset